| 000 | 01104nam a22002897a 4500 | ||
|---|---|---|---|
| 001 | BRCA_9427 | ||
| 003 | FranzMayer | ||
| 005 | 20230918130546.0 | ||
| 008 | 230906b |||||||| |||| 00| 0 eng d | ||
| 020 | _a9789529278763 | ||
| 040 |
_aMFM _bESPAÑOL _cMFM |
||
| 050 | 0 |
_aN72.S6.M6 _bG88 2010 |
|
| 100 | 1 |
_4Responsable _aGutiérrez Canet, Agustín _929680 |
|
| 240 |
_aSuomi Meksiko 2010 _hFinlandia México 2010 _lFines/Español |
||
| 245 |
_aSuomi Meksiko 2010 _bFinlandia México 2010 |
||
| 260 |
_aHelsinki, Finlandia _bArkistolaitos _c2010 |
||
| 300 |
_a85 p _bIlustraciones a color _c288 cm |
||
| 500 | _aAnexo 1 | ||
| 505 | _aTexto en: español y finesIncluye índice temáticoDirigido a: artistas, personas con interés en el arte mexicano | ||
| 650 | 1 |
_2Artes visuales _aArte en relación con objetos _vArte popular _929681 |
|
| 651 | 2 |
_2Arte mexicano _aMéxico _vFinlandia _929682 |
|
| 700 | 1 |
_4Coord _aForssell, Christina _929683 |
|
| 700 | 1 |
_4Fot. _aVuorenjuuri, Matts _929684 |
|
| 700 | 1 |
_4Trad. _aBarrenechea, Mireia _929685 |
|
| 700 | 1 |
_4Trad. _aNuto, Elina _929686 |
|
| 942 |
_2lcc _cB |
||
| 999 |
_c11049 _d11049 |
||